header

The Curriculum Bridge: (Record no. 256817)

MARC details
000 -LEADER
fixed length control field 00576nam a22001817a 4500
003 - CONTROL NUMBER IDENTIFIER
control field OSt
005 - DATE AND TIME OF LATEST TRANSACTION
control field 20230613154200.0
008 - FIXED-LENGTH DATA ELEMENTS--GENERAL INFORMATION
fixed length control field 180628b xxu||||| |||| 00| 0 eng d
020 ## - INTERNATIONAL STANDARD BOOK NUMBER
International Standard Book Number 0761939059
040 ## - CATALOGING SOURCE
Transcribing agency DLC
Original cataloging agency DLC
Language of cataloging DLC
050 ## - LIBRARY OF CONGRESS CALL NUMBER
Classification number LB2806.15
Item number .S65 2003
100 ## - MAIN ENTRY--PERSONAL NAME
Personal name Solomon, Pearl G. (Pearl Gold),
Dates associated with a name 1929-
245 ## - TITLE STATEMENT
Title The Curriculum Bridge:
Remainder of title from standards to actual classroom practice /
Statement of responsibility, etc Pearl G. Solomon.
250 ## - EDITION STATEMENT
Edition statement 2nd Edition
260 ## - PUBLICATION, DISTRIBUTION, ETC. (IMPRINT)
Place of publication, distribution, etc Thousand Oaks, Calif. :
Name of publisher, distributor, etc Corwin Press,
Date of publication, distribution, etc c2003.
300 ## - PHYSICAL DESCRIPTION
Extent xv, 202 p. :
Other physical details ill. ;
Dimensions 27 cm.
942 ## - ADDED ENTRY ELEMENTS (KOHA)
Source of classification or shelving scheme Library of Congress Classification
Koha item type Long Loan Books
Holdings
Withdrawn status Lost status Source of classification or shelving scheme Damaged status Not for loan Home library Current library Date acquired Total Checkouts Full call number Barcode Date last seen Price effective from Koha item type
    Library of Congress Classification     Rongo University Library Rongo University Library 28/06/2018   LB2806.15.S65 2003 201901534 28/06/2018 28/06/2018 Long Loan Books

© 2026 Rongo University
Contact us: librarian | system librarian | Rongo university